000 00420nam a2200169 a 4500
001 0000-9317
003 ELIB.Books
008 110520 1981
035 _a(ELIB.Books)0000-9469
082 _a234.2
_bSto
100 _aStowe, David M.
245 _aWhen Faith Meets Faith
260 _bNew York; Friendship Press
_c1981
650 _aSalvation
942 _2ddc
_cBK
998 _cbat
_e2011-05-20
999 _c9317
_d9317